English for primmary teachers- Classroom extracts

Sparad:
Bibliografiska uppgifter
Materialtyp: Bok
Språk:Undetermined
Publicerad: Oxford Oxford University Press 2001
Ämnen:
Taggar: Lägg till en tagg
Inga taggar, Lägg till första taggen!
Thư viện lưu trữ: Trung tâm Học liệu Trường Đại học Cần Thơ
LEADER 00489nam a2200181Ia 4500
001 CTU_120390
008 210402s9999 xx 000 0 und d
082 |a 428.34 
082 |b E58 
245 0 |a English for primmary teachers- Classroom extracts 
260 |a Oxford 
260 |b Oxford University Press 
260 |c 2001 
650 |a English language 
650 |x Study and teaching 
904 |i M.Loan 
915 |a 400 
980 |a Trung tâm Học liệu Trường Đại học Cần Thơ